[Event "POL-chT U20 1st League"]
[Site "Chotowa"]
[Date "2025.06.18"]
[Round "5.7"]
[White "Wandor, Adam"]
[Black "Mazurek, Filip"]
[Result "1-0"]
[WhiteElo "1851"]
[BlackElo "1976"]
[PlyCount "45"]
[EventDate "2025.06.14"]
[EventType "team-swiss"]
[EventRounds "9"]
[EventCountry "POL"]
[SourceTitle "CB26_2025"]
[SourceDate "2025.06.25"]
[SourceVersion "1"]
[SourceVersionDate "2025.06.25"]
[SourceQuality "1"]
[WhiteTeam "Czestochowa Hetman"]
[BlackTeam "Bialoleka Bohema Sparta"]
[WhiteTeamCountry "POL"]
[BlackTeamCountry "POL"]

1. e4 c5 2. Nf3 e6 3. d4 cxd4 4. Nxd4 Nc6 5. Nc3 Qc7 6. Be3 a6 7. Qd2 Nf6 8. f3 Be7 9. Be2 0-0 10. g4 Nxd4 11. Qxd4 b5 12. 0-0-0 Rd8 13. h4 Bb7 14. Qb6 Qc8 15. g5 Ne8 16. h5 Qc6 17. g6 fxg6 18. hxg6 h6 19. Qd4 b4 20. e5 Nc7 21. Rxh6 gxh6 22. Qf4 Rf8 23. Qxh6 1-0

[Event "Warsaw YMCA Autumn-B 279th"]
[Site "Warsaw"]
[Date "2023.10.17"]
[Round "5"]
[White "Pasternak Winiarski, Adam"]
[Black "Mazurek, Filip"]
[Result "1-0"]
[WhiteElo "1576"]
[BlackElo "1524"]
[PlyCount "51"]
[EventDate "2023.09.21"]
[EventType "tourn"]
[EventRounds "13"]
[EventCountry "POL"]
[SourceTitle "EXT 2025"]
[Source "ChessBase"]
[SourceDate "2024.10.14"]
[SourceVersion "1"]
[SourceVersionDate "2024.10.14"]
[SourceQuality "1"]

1. e4 c6 2. d4 d5 3. exd5 cxd5 4. Bd3 Nc6 5. c3 Qc7 6. h3 g6 7. Nf3 Bf5 8. Be2 Nf6 9. Na3 a6 10. Nc2 Ne4 11. Ne3 Qd7 12. c4 Nf6 13. Ne5 Qd6 14. cxd5 Nxe5 15. dxe5 Qxe5 16. 0-0 Rd8 17. Qb3 b5 18. a4 Nxd5 19. axb5 Nf4 20. Bf3 Bh6 21. Nxf5 gxf5 22. Bc6+ Kf8 23. Bxf4 Bxf4 24. bxa6 Qc5 25. Qc3 Qxc3 26. bxc3 1-0

[Event "Warsaw YMCA Autumn-B 279th"]
[Site "Warsaw"]
[Date "2023.10.12"]
[Round "4"]
[White "Mazurek, Filip"]
[Black "Kurowski, Maciej"]
[Result "0-1"]
[WhiteElo "1524"]
[BlackElo "1631"]
[PlyCount "74"]
[EventDate "2023.09.21"]
[EventType "tourn"]
[EventRounds "13"]
[EventCountry "POL"]
[SourceTitle "EXT 2025"]
[Source "ChessBase"]
[SourceDate "2024.10.14"]
[SourceVersion "1"]
[SourceVersionDate "2024.10.14"]
[SourceQuality "1"]

1. e4 e5 2. Nf3 Nc6 3. d4 exd4 4. Bc4 Nf6 5. e5 d5 6. Bb5 Ne4 7. Nxd4 Bc5 8. Be3 0-0 9. Nxc6 bxc6 10. Bxc5 Nxc5 11. Bxc6 Ba6 12. Bxa8 Qg5 13. Nc3 Qxe5+ 14. Ne2 Rxa8 15. 0-0 Bxe2 16. Re1 Bxd1 17. Rxe5 Bxc2 18. Rxd5 Ne6 19. Rc1 Be4 20. Re5 Bb7 21. f4 g6 22. g4 Rd8 23. f5 Nf4 24. Rxc7 Rd1+ 25. Kf2 Nd3+ 26. Ke2 Bf3+ 27. Kxf3 Nxe5+ 28. Kf4 f6 29. Rxa7 Rd4+ 30. Ke3 Rb4 31. g5 gxf5 32. gxf6 Ng4+ 33. Kf3 Nxh2+ 34. Kg3 Nf1+ 35. Kf2 Nd2 36. Rg7+ Kf8 37. b3 Ne4+ 0-1

[Event "Warsaw YMCA Autumn-B 279th"]
[Site "Warsaw"]
[Date "2023.09.28"]
[Round "2"]
[White "Mazurek, Filip"]
[Black "Bartczak, Hanna"]
[Result "1-0"]
[WhiteElo "1524"]
[BlackElo "1482"]
[PlyCount "41"]
[EventDate "2023.09.21"]
[EventType "tourn"]
[EventRounds "13"]
[EventCountry "POL"]
[SourceTitle "EXT 2025"]
[Source "ChessBase"]
[SourceDate "2024.10.14"]
[SourceVersion "1"]
[SourceVersionDate "2024.10.14"]
[SourceQuality "1"]

1. e4 d6 2. d4 Nf6 3. Nc3 g6 4. f4 Bg7 5. Nf3 c5 6. e5 Ng4 7. Bb5+ Bd7 8. e6 Bxb5 9. exf7+ Kf8 10. Nxb5 Qa5+ 11. Nc3 Nh6 12. 0-0 Nc6 13. Ne2 cxd4 14. Nexd4 Nxd4 15. Nxd4 Kxf7 16. f5 Ke8 17. Ne6 Qb6+ 18. Kh1 Nxf5 19. g4 Bxb2 20. Bxb2 Qxb2 21. gxf5 1-0